Digital design : (رقم التسجيلة. 30353)
[ عرض عادي ]
| 000 -الفاتح | |
|---|---|
| حقل البيانات ثابتة الطول | 01121cam a2200337 a 4500 |
| 001 - رقم الضبط | |
| رقم الضبط | 16862770 |
| 003 - محدد رقم الضبط | |
| رقم الضبط | OSt |
| 005 - وقت وتاريخ اخر تعامل مع التسجيلة | |
| رقم الضبط | 20150408114136.0 |
| 008 - عناصر البيانات ثابتة الطول - معلومات عامة | |
| حقل البيانات ثابتة الطول | 130805s2013 enka f b 001 0 eng d |
| 010 ## - رقم ضبط مكتبة الكونجرس | |
| رقم ضبط مكتبة الكونجرس | 2011934010 |
| 020 ## - الرقم الدولى المعيارى للكتب | |
| الرقم الدولى المعيارى للكتاب | 9780273764526 (pbk.) |
| 020 ## - الرقم الدولى المعيارى للكتب | |
| الرقم الدولى المعيارى للكتاب | 0273764527 (pbk.) |
| 040 ## - مصدر الفهرسة | |
| وكالة الفهرسة الأصلية | Ma-Un |
| 042 ## - رمز التحقق | |
| رمز التحقق | pcc |
| 082 00 - رقم تصنيف ديوى العشرى | |
| رقم الطبعة | 23 |
| رقم التصنيف | 621.395 |
| رقم المادة | MMD |
| 100 1# - المدخل الرئيسى - إسم شخصى | |
| الإسم الشخصى | Mano, M. Morris, |
| 9 (RLIN) | 36461 |
| التواريخ المصاحبة للاسم | 1927- |
| 245 10 - بيان العنوان | |
| العنوان | Digital design : |
| بقية العنوان | with an introduction to Verilog HDL / |
| بيان المسئوليه,etc | M. Morris Mano, Michael D. Ciletti. |
| 250 ## - بيان الطبعة | |
| بيان الطبعة | 5th ed., Pearson International ed. |
| 260 ## - PUBLICATION, DISTRIBUTION, ETC. (IMPRINT) | |
| مكان الناشر او الموزع | Harlow : |
| اسم الناشر او الموزع | Pearson, |
| تاريخ النشر أو التوزيع | c2013. |
| 300 ## - الوصف المادى | |
| التعداد | 563 p. : |
| تفاصيل ماديه اخرى للوعاء | ill. ; |
| أبعاد الوعاء | 23 cm. |
| 504 ## - تبصرة ببليوجرافية | |
| تبصرة ببليوجرافية,الخ | Includes bibliographical references and index. |
| 650 #0 - المدخل الاضافى بالموضوع-مصطلح موضوعى | |
| مصطلح موضوعي أو اسم جغرافي كعنصر مدخل | Electronic digital computers |
| 9 (RLIN) | 13257 |
| التقسيم الفرعي العام | Circuits |
| 650 #0 - المدخل الاضافى بالموضوع-مصطلح موضوعى | |
| مصطلح موضوعي أو اسم جغرافي كعنصر مدخل | Logic circuits |
| 9 (RLIN) | 36491 |
| 650 #0 - المدخل الاضافى بالموضوع-مصطلح موضوعى | |
| مصطلح موضوعي أو اسم جغرافي كعنصر مدخل | Digital integrated circuits |
| 9 (RLIN) | 36492 |
| 650 #0 - المدخل الاضافى بالموضوع-مصطلح موضوعى | |
| مصطلح موضوعي أو اسم جغرافي كعنصر مدخل | Logic design |
| 9 (RLIN) | 6103 |
| 700 1# - المدخل الاضافى - اسم شخصى | |
| الإسم الشخصى | Ciletti, Michael D. |
| 9 (RLIN) | 36493 |
| 906 ## - عنصر بيانات محلى F, LDF (RLIN) | |
| a | 7 |
| b | cbc |
| c | origcop |
| d | 3 |
| e | epcn |
| f | 20 |
| g | y-gencatlg |
| 942 ## - | |
| -- | ddc |
| -- | BOOK |
| 999 ## - | |
| -- | 30353 |
| -- | 264853 |
| حالة الفقد | نموذج السعر الفعال | حالة تلف | ليس للاعارة | رقم الطلب | رقم النسخة | تاريخ الاكتساب | Serial Enumeration / chronology | الباركود | الفرع الرئيسي | Date last checked out | Date last seen | نوع المادة فى نظام كوها | مصدر التصنيف او خطة الترفيف | Total Checkouts |
|---|---|---|---|---|---|---|---|---|---|---|---|---|---|---|
| 2013-08-05 | Not For Loan | 621.395 MMD | 1 | 2013-08-05 | CL | 00206130 | المكتبة المركزية بالمجمعة (CL) | 2020-02-16 | 2020-09-16 | كتاب | Dewey Decimal Classification | 1 | ||
| 2013-08-05 | 621.395 MMD | 2 | 2013-08-05 | CL | 00206129 | المكتبة المركزية بالمجمعة (CL) | 2016-10-27 | 2017-01-23 | كتاب | Dewey Decimal Classification | 1 | |||
| 2013-08-05 | 621.395 MMD | 3 | 2013-08-05 | CL | 00206128 | المكتبة المركزية بالمجمعة (CL) | 2022-01-26 | 2022-02-27 | كتاب | Dewey Decimal Classification | 1 | |||
| 2015-10-11 | 621.395 MMD | 2015-10-11 | CL | 00653842 | المكتبة المركزية بالمجمعة (CL) | 2015-10-11 | كتاب | Dewey Decimal Classification | ||||||
| 2015-10-11 | 621.395 MMD | 2015-10-11 | CL | 00653843 | المكتبة المركزية بالمجمعة (CL) | 2015-10-11 | كتاب | Dewey Decimal Classification | ||||||
| 2015-10-11 | 621.395 MMD | 2015-10-11 | CL | 00653844 | المكتبة المركزية بالمجمعة (CL) | 2015-10-11 | كتاب | Dewey Decimal Classification | ||||||
| 2013-11-16 | 621.395 MMD | 2013-11-16 | SZM | 00452528 | مكتبة مجمع الكليات بالزلفى - طلاب (SZM) | 2013-11-16 | كتاب | Dewey Decimal Classification |
